| 000 | 00345nam a2200133Ia 4500 | ||
|---|---|---|---|
| 005 | 20251222144824.0 | ||
| 008 | 251222s9999||||xx |||||||||||||| ||spa|| | ||
| 020 | _a84-7635-588-2 | ||
| 082 | _a659.1/R71 | ||
| 100 | _aRobles Ávila, Sara | ||
| 245 | 0 | _aRealce y Apelación en El Lenguaje de La Publicidad | |
| 264 | _bArco Libros | ||
| 942 | _cLIB | ||
| 999 |
_c20617 _d20617 |
||